000 00437nam a2200169 a 4500
001 7485
003 CO-ViMGA
008 141112s2004 ck r 000 u spa d
040 _aCO-ViMGA
_bspa
_cCO-ViMGA
082 0 4 _a350.72 R627
100 1 _aRodriguez, Clara Rocio
_96774
245 1 0 _aGestión social y finanzas municipales
260 _aBogotá :
_bFescol,
_c1996
300 _a124 p
650 1 4 _aFINANZAS PUBLICAS
942 _2ddc
_cBK
999 _c19432
_d19432